MARC details
| 000 -LEADER |
| fixed length control field |
02319cam a2200517Ii 4500 |
| 001 - CONTROL NUMBER |
| control field |
2302581 |
| 005 - DATE AND TIME OF LATEST TRANSACTION |
| control field |
20170807133607.0 |
| 008 - FIXED-LENGTH DATA ELEMENTS--GENERAL INFORMATION |
| fixed length control field |
151009s2016 nyu 000 1 eng d |
| 020 ## - INTERNATIONAL STANDARD BOOK NUMBER |
| International Standard Book Number |
9780062466303 (paperback) : |
| Terms of availability |
$27.99 |
| 020 ## - INTERNATIONAL STANDARD BOOK NUMBER |
| International Standard Book Number |
0062466305 (paperback) : |
| Terms of availability |
$27.99 |
| 035 ## - SYSTEM CONTROL NUMBER |
| System control number |
(OCoLC)923792658 |
| 035 ## - SYSTEM CONTROL NUMBER |
| System control number |
2279441 |
| 035 ## - SYSTEM CONTROL NUMBER |
| System control number |
(OCoLC)923792658 |
| 035 ## - SYSTEM CONTROL NUMBER |
| System control number |
(OCoLC)ocn923792658 |
| 035 ## - SYSTEM CONTROL NUMBER |
| System control number |
2302561 |
| 040 ## - CATALOGING SOURCE |
| Original cataloging agency |
BTCTA |
| Language of cataloging |
eng |
| Description conventions |
rda |
| Transcribing agency |
BTCTA |
| Modifying agency |
NOG |
| -- |
OCLCO |
| -- |
BDX |
| -- |
MWD |
| -- |
JAI |
| -- |
LE@ |
| -- |
IGA |
| 049 ## - LOCAL HOLDINGS (OCLC) |
| Holding library |
IGAA |
| 050 #4 - LIBRARY OF CONGRESS CALL NUMBER |
| Classification number |
PS |
| 082 04 - DEWEY DECIMAL CLASSIFICATION NUMBER |
| Classification number |
813/.6 |
| Edition number |
23 |
| 092 ## - LOCALLY ASSIGNED DEWEY CALL NUMBER (OCLC) |
| Classification number |
F |
| 999 ## - SYSTEM CONTROL NUMBERS (KOHA) |
| Koha Dewey Subclass [OBSOLETE] |
F |
| 100 1# - MAIN ENTRY--PERSONAL NAME |
| Personal name |
Martini, Steve, |
| Dates associated with a name |
1946- |
| Relator term |
author. |
| 9 (RLIN) |
30444 |
| 245 10 - TITLE STATEMENT |
| Title |
Blood flag : |
| Remainder of title |
a Paul Madriani novel / |
| Statement of responsibility, etc |
Steve Martini. |
| 250 ## - EDITION STATEMENT |
| Edition statement |
First HarperLuxe edition. |
| 264 #1 - Production, Publication, Distribution, Manufacture, and Copyright Notice. |
| Place of production, publication, distribution, manufacture |
New York, NY : |
| Name of producer, publisher, distributor, manufacturer |
HarperLuxe, an imprint of HarperCollins Publishers, |
| Date of production, publication, distribution, manufacture, or copyr |
2016 |
| 300 ## - PHYSICAL DESCRIPTION |
| Extent |
546 pages ; |
| Dimensions |
23 cm |
| 336 ## - Content Type |
| Content type term |
text |
| 337 ## - Media type |
| Media type term |
unmediated |
| 338 ## - Carrier type |
| Carrier type term |
volume |
| 520 ## - SUMMARY, ETC. |
| Summary, etc |
Defending a client accused of killing her father, attorney Paul Madriani is drawn into a treacherous conspiracy dating to World War II. |
| 650 #0 - SUBJECT ADDED ENTRY--TOPICAL TERM |
| Topical term or geographic name as entry element |
Nazi propaganda |
| Form subdivision |
Fiction. |
| 9 (RLIN) |
5707017 |
| 650 #0 - SUBJECT ADDED ENTRY--TOPICAL TERM |
| Topical term or geographic name as entry element |
Conspiracies |
| Form subdivision |
Fiction. |
| 9 (RLIN) |
5673860 |
| 650 #0 - SUBJECT ADDED ENTRY--TOPICAL TERM |
| Topical term or geographic name as entry element |
Madriani, Paul (Fictitious character) |
| Form subdivision |
Fiction. |
| 9 (RLIN) |
5705335 |
| 650 #7 - SUBJECT ADDED ENTRY--TOPICAL TERM |
| Topical term or geographic name as entry element |
FICTION / Action & Adventure. |
| Source of heading or term |
bisacsh |
| 9 (RLIN) |
5673674 |
| 650 #7 - SUBJECT ADDED ENTRY--TOPICAL TERM |
| Topical term or geographic name as entry element |
FICTION / General. |
| Source of heading or term |
bisacsh |
| 9 (RLIN) |
5674095 |
| 650 #7 - SUBJECT ADDED ENTRY--TOPICAL TERM |
| Topical term or geographic name as entry element |
Madriani, Paul (Fictitious character) |
| Source of heading or term |
fast |
| 9 (RLIN) |
97532 |
| 655 #7 - INDEX TERM--GENRE/FORM |
| Genre/form data or focus term |
Suspense fiction. |
| Source of term |
gsafd |
| 9 (RLIN) |
102761 |
| 655 #7 - INDEX TERM--GENRE/FORM |
| Genre/form data or focus term |
Fiction. |
| Source of term |
fast |
| 9 (RLIN) |
5673940 |
| 942 ## - ADDED ENTRY ELEMENTS (KOHA) |
| Source of classification or shelving scheme |
Dewey Decimal Classification |
| Koha item type |
BOOK |
| 948 ## - LOCAL PROCESSING INFORMATION (OCLC); SERIES PART DESIGNATOR (RLIN) |
| Series part designator, SPT (RLIN) |
BSK |
| b (OCLC) |
ADULT |
| p (OCLC) |
X114305758 |
| h (OCLC) |
F |
| f (OCLC) |
1 |
| r (OCLC) |
2 |
| g (OCLC) |
1 |
| 7 (OCLC) |
0 |
| u (OCLC) |
3 |
| w (OCLC) |
11 |
| s (OCLC) |
0 |
| o (OCLC) |
BSK |
| 0 (OCLC) |
$27.99 |
| y (OCLC) |
99 |
| c (OCLC) |
26 |
| j (OCLC) |
Dewey Decimal |
| n (OCLC) |
On-Order |
| e (OCLC) |
1069719-2 |
| 9 (OCLC) |
Item generated Jun 1 2016 8:58AM |
| 948 ## - LOCAL PROCESSING INFORMATION (OCLC); SERIES PART DESIGNATOR (RLIN) |
| Series part designator, SPT (RLIN) |
BPW |
| b (OCLC) |
ADULT |
| p (OCLC) |
X114227341 |
| h (OCLC) |
F |
| f (OCLC) |
1 |
| r (OCLC) |
2 |
| g (OCLC) |
1 |
| 7 (OCLC) |
0 |
| u (OCLC) |
3 |
| w (OCLC) |
11 |
| s (OCLC) |
0 |
| o (OCLC) |
BPW |
| 0 (OCLC) |
$27.99 |
| y (OCLC) |
99 |
| c (OCLC) |
26 |
| j (OCLC) |
Dewey Decimal |
| n (OCLC) |
On-Order |
| e (OCLC) |
1069719-1 |
| 9 (OCLC) |
Item generated Jun 1 2016 8:55AM |
| 948 ## - LOCAL PROCESSING INFORMATION (OCLC); SERIES PART DESIGNATOR (RLIN) |
| Series part designator, SPT (RLIN) |
BPF |
| b (OCLC) |
ADULT |
| p (OCLC) |
X114039761 |
| h (OCLC) |
F |
| f (OCLC) |
1 |
| r (OCLC) |
2 |
| g (OCLC) |
1 |
| 7 (OCLC) |
0 |
| u (OCLC) |
3 |
| w (OCLC) |
11 |
| s (OCLC) |
0 |
| o (OCLC) |
BPF |
| 0 (OCLC) |
$27.99 |
| y (OCLC) |
99 |
| c (OCLC) |
26 |
| j (OCLC) |
Dewey Decimal |
| n (OCLC) |
On-Order |
| e (OCLC) |
1069719-3 |
| 9 (OCLC) |
Item generated Jun 1 2016 8:55AM |